First Ladies: US or Canada? Quiz Stats

 Plays Quiz Updated Apr 2, 2019

Score 0/24 Timer 03:00
0 Plays Today
name (U)nited States or (C)anada % Correct
Hillary???
95.4%
Nancy???
95.2%
Michelle???
92.3%
Barbara???
91.4%
Melania???
90.3%
Jacqueline???
90.2%
Laureen???
86.9%
Olive???
86.9%
Sheila???
85.7%
Aline???
85.6%
Rosalynn???
85%
Geills???
84.3%
name (U)nited States or (C)anada % Correct
Dolley???
83.9%
Mila???
83.8%
Jeanne???
82.1%
Mamie???
81.9%
Zoé???
81.8%
Isabel???
77.9%
Sophie???
72.2%
Lucy???
70.4%
Ida???
67.2%
Florence???
51.3%
Agnes???
48.6%
Lucretia???
46.8%

You're not logged in!

Compare scores with friends on all Sporcle quizzes.
OR
Log In

Sporcle TV

Today on Sporcle TV


Watch our educational content, quiz creation guides, and fun videos on Sporcle TV.

Show Comments

Extras

Top Quizzes Today


Score Distribution

Your Account Isn't Verified!

In order to create a playlist on Sporcle, you need to verify the email address you used during registration. Go to your Sporcle Settings to finish the process.

Report this User

Report this user for behavior that violates our Community Guidelines.

Details: